| 000 | 00749nam a22002057a 4500 | ||
|---|---|---|---|
| 999 |
_c13359 _d13359 |
||
| 003 | AR-CdUCM | ||
| 008 | 190415b ||||| |||| 00| 0 spa d | ||
| 040 |
_aMUNICIPALIDAD PROVINCIAL DEL CUSCO _cBIBLIOTECA MUNICIPAL DEL CUSCO |
||
| 082 |
_a920 / _bR21 |
||
| 100 |
_aRamos Mamani, Gregorio _931738 |
||
| 245 | _aMemoria de un luchador social / | ||
| 260 |
_aCusco : _bPantigozo, _c2005. |
||
| 300 |
_a195 páginas ; _c20 cm. |
||
| 505 | _aContenido : Mi infancia, juventud y primeras experiencias sindicales -- Mi vida sindical en la ciudad del Cusco (1969) -- Fui elegido secretario de la FDTC (1980) ... | ||
| 650 |
_aMemorias _9235 |
||
| 650 |
_aBiografía _922 |
||
| 650 |
_aHistoria _9136 |
||
| 942 |
_2ddc _cLIBROS |
||
| 945 |
_arah _d05/04/2019 |
||